International Financial Statistics.

International Financial Statistics provides a complete library of continuously updated international statistics on all aspects of international and domestic finance. The monthly print edition contains over 1,000 pages of statistical data in each issue. It reports, for most countries of the world, cu...

Celý popis

Podrobná bibliografie
Korporativní autor: International Monetary Fund. Statistics Dept
Médium: Časopis
Jazyk:English
Vydáno: Washington, D.C. : International Monetary Fund, 2007.
Edice:International Financial Statistics; International Financial Statistics ; No. 2007/002
Témata:
On-line přístup:Full text available on IMF
LEADER 01897cas a2200277 a 4500
001 AALejournalIMF004749
008 230101c9999 xx r poo 0 0eng d
020 |c 50.00 USD 
020 |z 9781451934120 
022 |a 0252-3027 
040 |a BD-DhAAL  |c BD-DhAAL 
110 2 |a International Monetary Fund.  |b Statistics Dept. 
245 1 0 |a International Financial Statistics. 
264 1 |a Washington, D.C. :  |b International Monetary Fund,  |c 2007. 
300 |a 1 online resource (95 pages) 
490 1 |a International Financial Statistics 
500 |a <strong>Off-Campus Access:</strong> No User ID or Password Required 
500 |a <strong>On-Campus Access:</strong> No User ID or Password Required 
506 |a Electronic access restricted to authorized BRAC University faculty, staff and students 
520 3 |a International Financial Statistics provides a complete library of continuously updated international statistics on all aspects of international and domestic finance. The monthly print edition contains over 1,000 pages of statistical data in each issue. It reports, for most countries of the world, current data needed in the analysis of problems of international payments and of inflation and deflation, id est, data on exchange rates, international liquidity, money and banking, interest rates, prices, production, international transactions, government accounts, and national accounts. Information is presented in country tables and in tables of area and world aggregates. 
538 |a Mode of access: Internet 
650 7 |a General Financial Markets  |2 imf 
650 7 |a Investment Decisions  |2 imf 
650 7 |a Portfolio Choice  |2 imf 
830 0 |a International Financial Statistics; International Financial Statistics ;  |v No. 2007/002 
856 4 0 |z Full text available on IMF  |u http://elibrary.imf.org/view/books/041/03710-9781451934120-en/03710-9781451934120-en-book.xml  |z IMF e-Library